تفہیم القرآن (Record no. 550407)

000 -LEADER
fixed length control field 00376nam a22001337a 4500
082 ## - DEWEY DECIMAL CLASSIFICATION NUMBER
Classification number 297.1227
Author Mark TAF
100 ## - MAIN ENTRY--PERSONAL NAME
Personal name Maudodi, abul aala
9 (RLIN) 47110
245 ## - TITLE STATEMENT
Title تفہیم القرآن
Statement of responsibility, etc. Maudodi, abul aala
250 ## - EDITION STATEMENT
Edition statement جلددوم
260 ## - PUBLICATION, DISTRIBUTION, ETC.
Place of publication, distribution, etc. Lahore
Name of publisher, distributor, etc. service book club
Date of publication, distribution, etc. 1987
300 ## - PHYSICAL DESCRIPTION
Extent 712 p.
Other physical details text
Dimensions 28 cm
526 ## - STUDY PROGRAM INFORMATION NOTE
Program name 0
Interest level 0
Reading level 0
Title point value 297_122700000000000_TAF
942 ## - ADDED ENTRY ELEMENTS (KOHA)
Source of classification or shelving scheme
Koha item type Book
Holdings
Withdrawn status Lost status Source of classification or shelving scheme Damaged status Not for loan Permanent Location Current Location Date acquired Total Checkouts Total Renewals Full call number Barcode Date last seen Date last checked out Price effective from Koha item type Public note
          Military College of Engineering (MCE) Military College of Engineering (MCE) 11/07/2014 1 1 297.1227 TAF MCE-41327 08/17/2020 03/24/2020 03/14/2021 Book جلددوم
© 2023 Central Library, National University of Sciences and Technology. All Rights Reserved.